Highest Level Pokémon Evolutions - Statistics

General Stats
  • This quiz has been taken 99 times
    68 since last reset
  • The average score is 10 of 20
Answer Stats
Evolution Level Answer % Correct
55 Dragonair / Dragonite
91%
64 Zweilous / Hydreigon
77%
55 Pupitar / Tyranitar
70%
48 Gabite / Garchomp
68%
50 Shelgon / Salamence
66%
50 Sliggoo / Goodra (in the rain)
66%
60 Drakloak / Dragapult
64%
59 Larvesta / Volcarona
62%
54 Arctibax / Baxcalibur
53%
54 Rufflet / Braviary
49%
52 Pawniard / Bisharp
45%
54 Vullaby / Mandibuzz
40%
48 Fraxure / Haxorus
36%
49 Klang / Klinklang
34%
50 Mienfoo / Mienshao
34%
53 Cosmoem / Solgaleo or Lunala
30%
50 Deino / Zweilous
28%
50 Dreepy / Drakloak
28%
48 Noibat / Noivern
17%
48 Skrelp / Dragalge
15%
No matching quizzes found
Score Distribution
Percent of People with Each Score
Percentile by Number Answered
Your Score History
You have not taken this quiz since the last reset